[Event "CZE-tht Extraliga 2018-19"]
[Site "Czech Republic"]
[Date "2019.04.20"]
[Round "10.6"]
[White "Kraus, Tomas"]
[Black "Rydl, Jiri"]
[Result "1-0"]
[WhiteElo "2456"]
[BlackElo "2428"]
[Annotator "ChessBase"]
[PlyCount "73"]
[EventDate "2018.11.03"]
[EventType "team-tourn"]
[EventCountry "CZE"]
[SourceTitle "playchess.com"]
[Source "ChessBase"]
[SourceQuality "1"]
[WhiteTeam "Turnov"]
[BlackTeam "Siesta"]
[TimeControl "40/5400+30:1800+30"]

1. c4 {[%emt 0:00:00]} c6 {[%emt 0:00:00]} 2. e4 {[%emt 0:00:00]} d5 {[%emt 0:00:15]} 3. exd5 {[%emt 0:00:00]} cxd5 {[%emt 0:00:05]} 4. cxd5 {[%emt 0:00:04]} Nf6 {[%emt 0:00:42]} 5. Qa4+ {[%emt 0:01:39]} Nbd7 {[%emt 0:00:58]} 6. Nc3 {[%emt 0:00:10]} g6 {[%emt 0:03:08]} 7. Bc4 {[%emt 0:00:28]} Bg7 {[%emt 0:00:36]} 8. d3 {[%emt 0:00:19]} O-O {[%emt 0:00:22]} 9. Nf3 {[%emt 0:00:08]} a6 {[%emt 0:01:43]} 10. Qa3 {[%emt 0:00:14]} b6 {[%emt 0:02:33]} 11. O-O {[%emt 0:00:43]} Bb7 {[%emt 0:00:23]} 12. Re1 {[%emt 0:00:46]} Re8 {[%emt 0:02:27]} 13. Ng5 {[%emt 0:00:59]} Rc8 {[%emt 0:07:06]} 14. Be3 {[%emt 0:04:42]} h6 {[%emt 0:10:20]} 15. Nge4 {[%emt 0:28:25]} Nxe4 {[%emt 0:01:04]} 16. Nxe4 {[%emt 0:00:05]} Ne5 {[%emt 0:02:46]} 17. Rad1 {[%emt 0:03:38]} Nxc4 {[%emt 0:02:39]} 18. dxc4 {[%emt 0:00:36]} Rxc4 {[%emt 0:00:43]} 19. f3 {[%emt 0:06:22]} Qa8 {[%emt 0:28:36]} 20. Qd3 {[%emt 0:11:40]} Rb4 {[%emt 0:01:00]} 21. b3 {[%emt 0:04:05]} Rc8 {[%emt 0:07:29]} 22. Qd2 {[%emt 0:07:30]} Rb5 {[%emt 0:01:00]} 23. d6 {[%emt 0:01:57]} Rd5 {[%emt 0:07:44]} 24. Qb4 {[%emt 0:07:52]} exd6 {[%emt 0:03:37]} 25. Nxd6 {[%emt 0:02:32]} Rc2 {[%emt 0:07:48]} 26. Qf4 {[%emt 0:03:14]} Rxd1 {[%emt 0:01:51]} 27. Qxf7+ {[%emt 0:00:54]} Kh7 {[%emt 0:01:15]} 28. Rxd1 {[%emt 0:00:11]} Bc6 {[%emt 0:00:21]} 29. Bxh6 {[%emt 0:08:42]} Kxh6 {[%emt 0:01:42]} 30. Nf5+ {[%emt 0:00:38]} gxf5 {[%emt 0:00:37]} 31. Rd6+ {[%emt 0:00:11]} Kh7 {[%emt 0:00:05]} 32. Qxf5+ {[%emt 0:00:30]} Kg8 {[%emt 0:00:22]} 33. Qxc2 {[%emt 0:00:37]} Be8 {[%emt 0:00:10]} 34. Qd3 {[%emt 0:02:35]} Qa7 {[%emt 0:01:06]} 35. Qd5+ {[%emt 0:01:18]} Bf7 {[%emt 0:03:55]} 36. Rd8+ {[%emt 0:00:37]} Kh7 {[%emt 0:00:09]} 37. Qf5+ {[%emt 0:00:08]} 1-0

[Event "CZE-tht Extraliga 2018-19"]
[Site "Czech Republic"]
[Date "2019.04.20"]
[Round "10.6"]
[White "Kislinsky, Alexey"]
[Black "Londyn, Radek"]
[Result "1/2-1/2"]
[WhiteElo "2429"]
[BlackElo "2412"]
[Annotator "NA"]
[PlyCount "139"]
[EventDate "2018.11.03"]
[EventType "team-tourn"]
[EventCountry "CZE"]
[SourceTitle "playchess.com"]
[Source "ChessBase"]
[SourceQuality "1"]
[WhiteTeam "Lysa nad Labem"]
[BlackTeam "Poruba"]
[TimeControl "40/5400+30:1800+30"]

1. e4 {[%emt 0:00:00]} e5 {[%emt 0:00:00]} 2. Nf3 {[%emt 0:00:00]} Nc6 {[%emt 0:00:00]} 3. d4 {[%emt 0:00:00]} exd4 {[%emt 0:00:26]} 4. Nxd4 {[%emt 0:00:06]} Bc5 {[%emt 0:00:16]} 5. Be3 {[%emt 0:00:39]} Qf6 {[%emt 0:00:08]} 6. Nb5 {[%emt 0:00:22]} Bxe3 {[%emt 0:01:43]} 7. fxe3 {[%emt 0:00:03]} Qh4+ {[%emt 0:06:36]} 8. g3 {[%emt 0:00:17]} Qd8 {[%emt 0:00:08]} 9. N1c3 {[%emt 0:01:41]} a6 {[%emt 0:01:25]} 10. Nd4 {[%emt 0:00:06]} d6 {[%emt 0:09:39]} 11. Nxc6 {[%emt 0:00:55]} bxc6 {[%emt 0:00:04]} 12. Qd4 {[%emt 0:00:57]} Qg5 {[%emt 0:02:46]} 13. O-O-O {[%emt 0:00:34]} Nf6 {[%emt 0:00:41]} 14. Be2 {[%emt 0:06:48]} O-O {[%emt 0:08:05]} 15. h4 {[%emt 0:07:00]} Qe5 $11 {[%emt 0:03:29]} (15... Qa5 $17) 16. Rhf1 {[%emt 0:02:49]} Re8 {[%emt 0:05:22]} 17. Rf4 {[%emt 0:05:33]} Be6 {[%emt 0:07:24]} 18. Qxe5 {[%emt 0:12:12]} dxe5 {[%emt 0:00:03]} 19. Rf2 {[%emt 0:00:24]} Kf8 {[%emt 0:03:16]} 20. b3 {[%emt 0:02:18]} Ke7 {[%emt 0:00:57]} 21. Rdf1 {[%emt 0:02:13]} h5 {[%emt 0:02:45]} 22. Bd3 {[%emt 0:02:30]} a5 {[%emt 0:06:29]} 23. Na4 {[%emt 0:04:57]} Rab8 {[%emt 0:02:36]} 24. Nc5 {[%emt 0:06:53]} Bh3 {[%emt 0:00:14]} 25. Rd1 {[%emt 0:01:28]} Bg4 {[%emt 0:00:50]} 26. Rdd2 {[%emt 0:00:59]} Red8 {[%emt 0:01:47]} 27. Bc4 {[%emt 0:05:07]} Rd6 {[%emt 0:01:22]} 28. Nd3 {[%emt 0:01:06]} Rf8 {[%emt 0:04:36]} 29. Nxe5 {[%emt 0:05:20]} Nxe4 {[%emt 0:00:31]} 30. Rxd6 {[%emt 0:00:27]} cxd6 {[%emt 0:00:43]} 31. Rf4 {[%emt 0:02:03]} dxe5 {[%emt 0:02:51]} 32. Rxe4 {[%emt 0:00:04]} Kd6 {[%emt 0:01:34]} 33. Bd3 {[%emt 0:00:21]} g5 {[%emt 0:06:20]} 34. Ra4 {[%emt 0:01:57]} gxh4 {[%emt 0:00:06]} 35. gxh4 {[%emt 0:00:04]} f5 {[%emt 0:00:13]} 36. Kd2 {[%emt 0:01:57]} f4 {[%emt 0:03:13]} 37. exf4 {[%emt 0:00:19]} exf4 {[%emt 0:01:25]} 38. Ke1 {[%emt 0:00:15]} Kc7 {[%emt 0:08:45]} 39. Rxa5 {[%emt 0:01:27]} Re8+ {[%emt 0:00:10]} 40. Kf2 {[%emt 0:00:21]} Re3 {[%emt 0:00:16]} 41. Ra4 {[%emt 0:33:33]} Rf3+ {[%emt 0:30:18]} 42. Ke1 {[%emt 0:00:08]} Kd6 {[%emt 0:01:40]} 43. Rd4+ {[%emt 0:01:29]} Ke5 {[%emt 0:04:06]} 44. Re4+ {[%emt 0:00:16]} Kd5 {[%emt 0:00:18]} 45. Rc4 {[%emt 0:00:53]} Ke5 {[%emt 0:05:25]} 46. a4 {[%emt 0:00:29]} Re3+ {[%emt 0:00:00]} 47. Kd2 {[%emt 0:00:00]} Rh3 {[%emt 0:00:00]} 48. Re4+ {[%emt 0:00:00]} Kd6 {[%emt 0:00:00]} 49. Rxf4 {[%emt 0:00:00]} Rxh4 {[%emt 0:00:00]} 50. a5 {[%emt 0:00:00]} Rh1 {[%emt 0:00:00]} 51. Rf6+ {[%emt 0:00:00]} Kc5 {[%emt 0:00:00]} 52. Kc3 {[%emt 0:00:00]} Ra1 {[%emt 0:00:00]} 53. Bc4 {[%emt 0:00:00]} Rb1 {[%emt 0:00:00]} 54. Rg6 {[%emt 0:00:00]} Bf3 {[%emt 0:00:00]} 55. Rh6 {[%emt 0:00:00]} Bg4 {[%emt 0:00:00]} 56. Rf6 {[%emt 0:00:00]} h4 {[%emt 0:00:00]} 57. Rf4 {[%emt 0:00:00]} h3 {[%emt 0:00:00]} 58. b4+ {[%emt 0:02:46]} Kd6 {[%emt 0:00:00]} 59. Rf6+ {[%emt 0:00:14]} Kc7 {[%emt 0:00:00]} 60. Rh6 {[%emt 0:01:35]} Bf5 {[%emt 0:00:00]} 61. Bd3 {[%emt 0:02:03]} Bxd3 {[%emt 0:00:00]} 62. cxd3 {[%emt 0:00:09]} Rc1+ {[%emt 0:00:00]} 63. Kb2 {[%emt 0:00:34]} Rh1 {[%emt 0:00:03]} 64. Rh7+ {[%emt 0:00:06]} Kb8 {[%emt 0:00:43]} 65. Kc3 {[%emt 0:05:55]} h2 {[%emt 0:00:30]} 66. Kd4 {[%emt 0:00:21]} Ka8 {[%emt 0:03:39]} 67. a6 {[%emt 0:01:12]} Kb8 {[%emt 0:00:09]} 68. Rb7+ {[%emt 0:00:05]} Ka8 {[%emt 0:00:15]} 69. Rh7 {[%emt 0:00:05]} Kb8 {[%emt 0:00:08]} 70. Rb7+ {[%emt 0:00:04]} 1/2-1/2

[Event "CZE-tht Extraliga 2018-19"]
[Site "Czech Republic"]
[Date "2019.04.20"]
[Round "10.6"]
[White "Neuman, Petr"]
[Black "Babula, Vlastimil"]
[Result "0-1"]
[WhiteElo "2397"]
[BlackElo "2549"]
[Annotator "ChessBase"]
[PlyCount "64"]
[EventDate "2018.11.03"]
[EventType "team-tourn"]
[EventCountry "CZE"]
[SourceTitle "playchess.com"]
[Source "ChessBase"]
[SourceQuality "1"]
[WhiteTeam "Pardubice"]
[BlackTeam "Novoborsky"]
[TimeControl "40/5400+30:1800+30"]

1. d4 {[%emt 0:00:00]} Nf6 {[%emt 0:00:00]} 2. Bg5 {[%emt 0:00:00]} Ne4 {[%emt 0:00:34]} 3. Bf4 {[%emt 0:00:00]} c5 {[%emt 0:00:34]} 4. f3 {[%emt 0:00:11]} Qa5+ {[%emt 0:00:45]} 5. c3 {[%emt 0:00:24]} Nf6 {[%emt 0:00:24]} 6. Nd2 {[%emt 0:00:44]} cxd4 {[%emt 0:00:35]} 7. Nb3 {[%emt 0:00:21]} Qd8 {[%emt 0:02:27]} 8. Bxb8 {[%emt 0:03:29]} Rxb8 {[%emt 0:01:48]} 9. Qxd4 {[%emt 0:03:40]} b6 {[%emt 0:01:39]} 10. e4 {[%emt 0:00:25]} e6 {[%emt 0:01:33]} 11. Bc4 {[%emt 0:12:02]} Bb7 {[%emt 0:08:10]} 12. Ne2 {[%emt 0:01:47]} Qc7 {[%emt 0:03:47]} 13. Rd1 {[%emt 0:04:30]} Rc8 {[%emt 0:12:49]} 14. Bd3 {[%emt 0:00:41]} Be7 {[%emt 0:05:30]} 15. O-O {[%emt 0:02:57]} O-O {[%emt 0:02:18]} 16. Qe3 {[%emt 0:08:03]} a6 {[%emt 0:05:30]} 17. Ng3 {[%emt 0:05:38]} d6 {[%emt 0:01:24]} 18. Kh1 {[%emt 0:03:45]} Rfe8 {[%emt 0:03:14]} 19. Bb1 {[%emt 0:03:12]} Bf8 {[%emt 0:03:03]} 20. Nd4 {[%emt 0:07:07]} g6 {[%emt 0:02:35]} 21. f4 {[%emt 0:02:58]} Bg7 {[%emt 0:01:23]} 22. Qe2 {[%emt 0:03:19]} e5 {[%emt 0:03:38]} 23. fxe5 {[%emt 0:00:42]} Rxe5 {[%emt 0:00:27]} 24. Nf3 {[%emt 0:01:46]} Re7 {[%emt 0:01:58]} 25. Qd2 {[%emt 0:02:25]} d5 {[%emt 0:03:43]} 26. exd5 {[%emt 0:01:07]} Bxd5 {[%emt 0:03:51]} 27. Nd4 {[%emt 0:02:19]} Rce8 {[%emt 0:01:42]} 28. Rde1 {[%emt 0:00:59]} h5 {[%emt 0:03:45]} 29. Rxe7 {[%emt 0:01:05]} Qxe7 {[%emt 0:00:57]} 30. h3 {[%emt 0:06:22]} h4 {[%emt 0:10:47]} 31. Ngf5 {[%emt 0:01:32]} gxf5 {[%emt 0:01:06]} 32. Nxf5 {[%emt 0:00:52]} Qe2 {[%emt 0:01:30]} 0-1

[Event "CZE-tht Extraliga 2018-19"]
[Site "Czech Republic"]
[Date "2019.04.20"]
[Round "10.6"]
[White "Rojicek, Vojtech"]
[Black "Cerveny, Martin"]
[Result "0-1"]
[WhiteElo "2386"]
[BlackElo "2343"]
[Annotator "NA"]
[PlyCount "90"]
[EventDate "2018.11.03"]
[EventType "team-tourn"]
[EventCountry "CZE"]
[SourceTitle "playchess.com"]
[Source "ChessBase"]
[SourceQuality "1"]
[WhiteTeam "Beskydska"]
[BlackTeam "Duras"]
[TimeControl "40/5400+30:1800+30"]

1. c4 Nf6 2. Nf3 c6 3. Nc3 d5 4. e3 g6 5. d4 Bg7 6. Be2 O-O 7. O-O Bf5 8. Qb3 Qb6 9. Qxb6 axb6 10. Bd2 Rd8 11. Rfd1 Ne4 12. Be1 Nxc3 13. Bxc3 Nd7 14. cxd5 cxd5 15. Rdc1 Rdc8 16. a3 Nb8 17. Kf1 Nc6 18. Ke1 f6 19. Kd2 Kf7 20. Bd1 g5 21. Bb3 Ke6 22. Ne1 Kd6 23. Nc2 e6 24. Bb4+ Kd7 25. Bc3 Bf8 26. f3 Bd6 27. g4 Bg6 28. Rh1 Na5 29. Ba2 h5 30. h4 gxh4 31. Rxh4 Bg3 32. Rh3 h4 33. Ne1 f5 34. Ng2 fxg4 35. fxg4 Rf8 36. Nxh4 Rf2+ 37. Kd1 Bc2+ 38. Kc1 Bxh4 39. Rxh4 Nb3+ 40. Bxb3 Bxb3 41. Rh1 b5 42. Re1 Rg8 43. e4 Rxg4 44. exd5 exd5 45. Re3 Re4 0-1

[Event "CZE-tht Extraliga 2018-19"]
[Site "Czech Republic"]
[Date "2019.04.20"]
[Round "10.6"]
[White "Mrazek, Lumir"]
[Black "Obsivac, Josef"]
[Result "1/2-1/2"]
[WhiteElo "2364"]
[BlackElo "2285"]
[Annotator "NA"]
[PlyCount "111"]
[EventDate "2018.11.03"]
[EventType "team-tourn"]
[EventCountry "CZE"]
[SourceTitle "playchess.com"]
[Source "ChessBase"]
[SourceQuality "1"]
[WhiteTeam "Cesky Tesin"]
[BlackTeam "Brno"]
[TimeControl "40/5400+30:1800+30"]

1. f4 {[%emt 0:00:00]} d5 {[%emt 0:00:00]} 2. Nf3 {[%emt 0:00:00]} g6 {[%emt 0:00:10]} 3. g3 {[%emt 0:00:14]} Bg7 {[%emt 0:00:05]} 4. Bg2 {[%emt 0:00:06]} c5 {[%emt 0:01:13]} 5. O-O {[%emt 0:00:45]} Nc6 {[%emt 0:00:30]} 6. d3 {[%emt 0:00:26]} Nf6 {[%emt 0:01:21]} 7. Qe1 {[%emt 0:00:12]} b6 {[%emt 0:07:52]} 8. c4 {[%emt 0:07:13]} Bb7 {[%emt 0:01:01]} 9. Na3 {[%emt 0:14:37]} e6 {[%emt 0:08:25]} 10. e4 {[%emt 0:04:05]} dxe4 {[%emt 0:23:02]} 11. dxe4 {[%emt 0:00:40]} O-O {[%emt 0:01:33]} 12. e5 {[%emt 0:00:39]} Ne8 {[%emt 0:00:18]} 13. Bd2 {[%emt 0:04:29]} Qe7 {[%emt 0:05:37]} 14. Bc3 {[%emt 0:01:42]} Nb4 {[%emt 0:01:51]} 15. Qe2 {[%emt 0:03:53]} Nc7 {[%emt 0:04:34]} 16. Ng5 {[%emt 0:04:53]} Bxg2 {[%emt 0:00:39]} 17. Qxg2 {[%emt 0:00:49]} Rfd8 {[%emt 0:02:28]} 18. Qh3 {[%emt 0:02:35]} h6 {[%emt 0:00:57]} 19. Ne4 {[%emt 0:00:09]} Ne8 {[%emt 0:01:53]} 20. Nb5 {[%emt 0:04:24]} Nc2 {[%emt 0:02:23]} 21. Rac1 {[%emt 0:07:06]} Ne3 {[%emt 0:00:47]} 22. Rfe1 {[%emt 0:09:08]} Nxc4 {[%emt 0:01:25]} 23. Qf1 {[%emt 0:01:17]} a6 {[%emt 0:03:20]} 24. Qxc4 {[%emt 0:00:11]} axb5 {[%emt 0:00:02]} 25. Qxb5 {[%emt 0:00:15]} Qa7 {[%emt 0:07:34]} 26. a3 {[%emt 0:08:02]} Rd5 {[%emt 0:02:01]} 27. Rcd1 {[%emt 0:02:28]} Rad8 {[%emt 0:04:09]} 28. Rxd5 {[%emt 0:03:14]} exd5 {[%emt 0:00:11]} 29. Nd6 {[%emt 0:02:29]} Nxd6 {[%emt 0:10:56]} 30. exd6 {[%emt 0:00:06]} Rxd6 {[%emt 0:01:15]} 31. Re8+ {[%emt 0:02:00]} Bf8 {[%emt 0:04:45]} 32. Be5 {[%emt 0:08:28]} Qd7 {[%emt 0:01:17]} 33. Qxd7 {[%emt 0:04:05]} Rxd7 {[%emt 0:00:02]} 34. Bf6 {[%emt 0:00:01]} d4 {[%emt 0:01:03]} 35. Kf2 {[%emt 0:00:10]} d3 {[%emt 0:00:26]} 36. Ke1 {[%emt 0:00:48]} Rd6 {[%emt 0:00:11]} 37. Be5 {[%emt 0:02:54]} Re6 {[%emt 0:00:03]} 38. Rxe6 {[%emt 0:00:17]} fxe6 {[%emt 0:00:02]} 39. a4 {[%emt 0:01:12]} c4 {[%emt 0:00:10]} 40. Kd2 {[%emt 0:01:33]} Kf7 {[%emt 0:02:56]} 41. b3 {[%emt 0:11:51]} Bb4+ {[%emt 0:04:12]} 42. Bc3 {[%emt 0:00:07]} cxb3 {[%emt 0:00:22]} 43. Kxd3 {[%emt 0:00:12]} Bc5 {[%emt 0:01:58]} 44. g4 {[%emt 0:06:54]} Ke8 {[%emt 0:03:59]} 45. h3 Kd7 {[%emt 0:01:51]} 46. Bg7 {[%emt 0:07:20]} h5 {[%emt 0:00:10]} 47. gxh5 {[%emt 0:00:50]} gxh5 {[%emt 0:00:02]} 48. Kc3 {[%emt 0:00:58]} Bd6 {[%emt 0:18:04]} 49. Bd4 {[%emt 0:03:40]} Kc6 {[%emt 0:00:17]} 50. Be3 {[%emt 0:00:05]} Bc5 {[%emt 0:03:14]} 51. Bc1 {[%emt 0:00:01]} Kd5 {[%emt 0:00:08]} 52. Kxb3 {[%emt 0:00:08]} Kd4 {[%emt 0:00:29]} 53. Bb2+ {[%emt 0:00:37]} Ke4 {[%emt 0:01:00]} 54. Be5 {[%emt 0:00:06]} Be3 {[%emt 0:00:22]} 55. Bc7 {[%emt 0:01:08]} Kd5 {[%emt 0:01:18]} 56. Kb4 1/2-1/2

[Event "CZE-tht Extraliga 2018-19"]
[Site "Czech Republic"]
[Date "2019.04.20"]
[Round "10.6"]
[White "Petrova, Kristyna"]
[Black "Rasik, Vitezslav"]
[Result "1/2-1/2"]
[WhiteElo "2256"]
[BlackElo "2468"]
[Annotator "ChessBase"]
[PlyCount "115"]
[EventDate "2018.11.03"]
[EventType "team-tourn"]
[EventCountry "CZE"]
[SourceTitle "playchess.com"]
[Source "ChessBase"]
[SourceQuality "1"]
[WhiteTeam "Siesta B"]
[BlackTeam "Ostrava"]
[TimeControl "40/5400+30:1800+30"]

1. e4 d6 2. d4 g6 3. Nc3 Bg7 4. f4 Nf6 5. Nf3 O-O 6. Bd3 Nc6 7. Be3 Ng4 8. Bg1 e5 9. d5 Ne7 10. h3 Nf6 11. fxe5 dxe5 12. Bh2 Nexd5 13. exd5 e4 14. O-O exd3 15. Qxd3 Bf5 16. Qc4 c6 17. dxc6 Qb6+ 18. Kh1 Qxc6 19. Qxc6 bxc6 20. Nd4 Bd7 21. Rad1 Rfe8 22. Nb3 Be6 23. Nc5 Bf5 24. g4 Bxc2 25. Rc1 Be4+ 26. N3xe4 Nxe4 27. Nxe4 Rxe4 28. Rxc6 Re2 29. Rfc1 Bxb2 30. R1c2 Rxc2 31. Rxc2 Bd4 32. Kg2 Re8 33. Bf4 Kg7 34. Kf3 Re6 35. Rc4 Bf6 36. Ra4 a6 37. Be3 h6 38. Bf4 g5 39. Be3 Kg6 40. Rc4 h5 41. Rc7 h4 42. Rb7 Bd8 43. Rb8 Rd6 44. Rb4 Rf6+ 45. Ke4 Re6+ 46. Kf3 Bc7 47. Rb7 Rc6 48. Ke4 Re6+ 49. Kf3 Bd8 50. Rb8 Rd6 51. Ke4 f6 52. Bd4 Rd7 53. Ra8 a5 54. Bc3 Re7+ 55. Kd5 Rd7+ 56. Ke4 Re7+ 57. Kd5 Rd7+ 58. Ke4 1/2-1/2

[Event "CZE-tht Extraliga 2018-19"]
[Site "Czech Republic"]
[Date "2019.04.20"]
[Round "10.7"]
[White "Zilka, Stepan"]
[Black "Pulpan, Jakub"]
[Result "1/2-1/2"]
[WhiteElo "2534"]
[BlackElo "2418"]
[Annotator "ChessBase"]
[PlyCount "130"]
[EventDate "2018.11.03"]
[EventType "team-tourn"]
[EventCountry "CZE"]
[SourceTitle "playchess.com"]
[Source "ChessBase"]
[SourceQuality "1"]
[WhiteTeam "Novoborsky"]
[BlackTeam "Pardubice"]
[TimeControl "40/5400+30:1800+30"]

1. e4 {[%emt 0:00:00]} e5 {[%emt 0:00:35]} 2. Nf3 {[%emt 0:00:00]} Nc6 {[%emt 0:00:26]} 3. Bb5 {[%emt 0:01:18]} Nf6 {[%emt 0:00:26]} 4. O-O {[%emt 0:03:35]} Nxe4 {[%emt 0:00:31]} 5. Re1 {[%emt 0:00:04]} Nd6 {[%emt 0:00:19]} 6. Nxe5 {[%emt 0:00:05]} Be7 {[%emt 0:00:45]} 7. Bf1 {[%emt 0:00:09]} Nxe5 {[%emt 0:00:29]} 8. Rxe5 {[%emt 0:00:05]} O-O {[%emt 0:00:27]} 9. d4 {[%emt 0:03:22]} Bf6 {[%emt 0:00:55]} 10. Re1 {[%emt 0:00:06]} Re8 {[%emt 0:00:31]} 11. Rxe8+ {[%emt 0:02:53]} Nxe8 {[%emt 0:00:22]} 12. c3 {[%emt 0:04:32]} d5 {[%emt 0:03:09]} 13. Bf4 {[%emt 0:03:35]} c6 {[%emt 0:04:47]} 14. Nd2 {[%emt 0:07:09]} g6 {[%emt 0:07:03]} 15. Qb3 {[%emt 0:05:50]} Ng7 {[%emt 0:13:41]} 16. Re1 {[%emt 0:03:59]} Qb6 {[%emt 0:06:43]} 17. a4 {[%emt 0:06:08]} Ne6 {[%emt 0:18:30]} 18. Bd6 {[%emt 0:05:21]} Bd7 {[%emt 0:05:04]} 19. Qa3 {[%emt 0:03:22]} a5 {[%emt 0:09:00]} 20. Nf3 {[%emt 0:00:32]} Re8 {[%emt 0:01:55]} 21. Ne5 {[%emt 0:03:20]} Bc8 {[%emt 0:04:06]} 22. b4 {[%emt 0:10:16]} axb4 {[%emt 0:01:17]} 23. Bxb4 {[%emt 0:02:37]} Qc7 {[%emt 0:04:00]} 24. a5 {[%emt 0:03:44]} h5 {[%emt 0:09:11]} 25. Bd6 {[%emt 0:13:51]} Be7 {[%emt 0:02:59]} 26. Bxe7 {[%emt 0:00:06]} Qxe7 {[%emt 0:01:03]} 27. Qxe7 {[%emt 0:00:33]} Rxe7 {[%emt 0:00:02]} 28. Nd3 {[%emt 0:00:51]} Kf8 {[%emt 0:01:16]} 29. Rb1 {[%emt 0:04:15]} Rc7 {[%emt 0:01:15]} 30. Nc5 {[%emt 0:01:38]} Nxc5 {[%emt 0:01:36]} 31. dxc5 {[%emt 0:00:02]} Ke8 {[%emt 0:00:26]} 32. Bd3 {[%emt 0:03:52]} Re7 {[%emt 0:01:22]} 33. h4 {[%emt 0:00:46]} Rd7 {[%emt 0:01:32]} 34. f3 {[%emt 0:04:50]} d4 {[%emt 0:00:36]} 35. Re1+ {[%emt 0:01:52]} Kf8 {[%emt 0:00:20]} 36. Rc1 {[%emt 0:01:28]} Rd5 {[%emt 0:00:19]} 37. cxd4 {[%emt 0:00:23]} Rxd4 {[%emt 0:00:02]} 38. Be2 {[%emt 0:00:42]} Ra4 {[%emt 0:01:14]} 39. a6 {[%emt 0:00:39]} bxa6 {[%emt 0:00:05]} 40. Bd3 {[%emt 0:01:04]} Bf5 {[%emt 0:01:03]} 41. Bxf5 {[%emt 0:00:49]} gxf5 {[%emt 0:02:30]} 42. Rb1 {[%emt 0:00:50]} Rc4 {[%emt 0:09:09]} 43. Rb6 {[%emt 0:00:40]} Rxc5 {[%emt 0:00:08]} 44. Rxa6 {[%emt 0:00:05]} Rc4 {[%emt 0:03:16]} 45. Kf2 {[%emt 0:01:25]} Kg7 {[%emt 0:02:49]} 46. Ke3 {[%emt 0:01:21]} Kg6 {[%emt 0:01:44]} 47. Kd3 {[%emt 0:01:43]} Rc1 {[%emt 0:00:42]} 48. Ra8 {[%emt 0:01:11]} Kg7 {[%emt 0:03:22]} 49. Rc8 {[%emt 0:02:55]} Rg1 {[%emt 0:02:53]} 50. Rxc6 {[%emt 0:00:45]} Rxg2 {[%emt 0:00:04]} 51. Ke3 {[%emt 0:00:42]} Rh2 {[%emt 0:00:12]} 52. Kf4 {[%emt 0:02:16]} Rxh4+ {[%emt 0:00:04]} 53. Kxf5 {[%emt 0:04:05]} Ra4 {[%emt 0:01:59]} 54. f4 {[%emt 0:01:29]} Ra5+ {[%emt 0:00:45]} 55. Ke4 {[%emt 0:00:04]} h4 {[%emt 0:02:09]} 56. Kf3 {[%emt 0:00:19]} h3 {[%emt 0:01:41]} 57. Kg3 {[%emt 0:00:12]} Ra3+ {[%emt 0:01:25]} 58. Kh2 {[%emt 0:00:05]} Rf3 {[%emt 0:00:11]} 59. Ra6 {[%emt 0:00:38]} f6 {[%emt 0:01:19]} 60. f5 {[%emt 0:00:41]} Rxf5 {[%emt 0:01:30]} 61. Kxh3 {[%emt 0:00:12]} Rg5 {[%emt 0:00:18]} 62. Ra2 {[%emt 0:01:27]} Kf7 {[%emt 0:00:33]} 63. Rg2 {[%emt 0:02:54]} Rxg2 {[%emt 0:02:02]} 64. Kxg2 {[%emt 0:00:04]} Ke6 {[%emt 0:00:03]} 65. Kf2 {[%emt 0:00:10]} f5 1/2-1/2

[Event "CZE-tht Extraliga 2018-19"]
[Site "Czech Republic"]
[Date "2019.04.20"]
[Round "10.7"]
[White "Talla, Vladimir"]
[Black "Slampa, Jan"]
[Result "0-1"]
[WhiteElo "2405"]
[BlackElo "2253"]
[Annotator "NA"]
[PlyCount "74"]
[EventDate "2018.11.03"]
[EventType "team-tourn"]
[EventCountry "CZE"]
[SourceTitle "playchess.com"]
[Source "ChessBase"]
[SourceQuality "1"]
[WhiteTeam "Ostrava"]
[BlackTeam "Siesta B"]
[TimeControl "40/5400+30:1800+30"]

1. d4 Nf6 2. c4 g6 3. Nc3 Bg7 4. e4 d6 5. f3 O-O 6. Be3 a6 7. Nge2 Nc6 8. Rb1 e5 9. d5 Ne7 10. g4 Ne8 11. Nc1 f5 12. Be2 Nf6 13. Nd3 Bd7 14. c5 Rb8 15. O-O Kh8 16. h3 Neg8 17. Qb3 Bh6 18. Bf2 Qc8 19. Qd1 Rf7 20. b4 Qf8 21. a4 fxg4 22. fxg4 Nh5 23. c6 bxc6 24. dxc6 Be6 25. gxh5 Bxh3 26. Bg3 Bxf1 27. Bxf1 Qg7 28. Rb2 Rbf8 29. Bh3 Rf3 30. Rg2 Qf7 31. Kh2 Qc4 32. Nxe5 dxe5 33. Bxe5+ Bg7 34. Bxg7+ Kxg7 35. Nd5 Qxe4 36. Qa1+ Nf6 37. Nxf6 R8xf6 0-1

[Event "CZE-tht Extraliga 2018-19"]
[Site "Czech Republic"]
[Date "2019.04.20"]
[Round "10.7"]
[White "Bures, Jaroslav"]
[Black "Suran, Jan"]
[Result "1-0"]
[WhiteElo "2384"]
[BlackElo "2401"]
[Annotator "NA"]
[PlyCount "79"]
[EventDate "2018.11.03"]
[EventType "team-tourn"]
[EventCountry "CZE"]
[SourceTitle "playchess.com"]
[Source "ChessBase"]
[SourceQuality "1"]
[WhiteTeam "Poruba"]
[BlackTeam "Lysa nad Labem"]
[TimeControl "40/5400+30:1800+30"]

1. d4 {[%emt 0:00:00]} Nf6 {[%emt 0:00:00]} 2. Bf4 {[%emt 0:00:00]} d5 {[%emt 0:00:50]} 3. e3 {[%emt 0:00:00]} c5 {[%emt 0:05:13]} 4. Nd2 {[%emt 0:00:00]} e6 {[%emt 0:00:22]} 5. c3 {[%emt 0:02:02]} Nc6 {[%emt 0:00:23]} 6. Ngf3 {[%emt 0:00:41]} Bd6 {[%emt 0:00:50]} 7. Bg3 {[%emt 0:01:41]} O-O {[%emt 0:03:26]} 8. Bd3 {[%emt 0:00:29]} Qe7 {[%emt 0:04:05]} 9. Ne5 {[%emt 0:00:58]} Nd7 {[%emt 0:02:11]} 10. f4 {[%emt 0:06:57]} f5 {[%emt 0:09:56]} 11. O-O {[%emt 0:02:10]} Nf6 {[%emt 0:02:19]} 12. Bh4 {[%emt 0:01:42]} Qe8 $11 {[%emt 0:04:06]} 13. Rf3 {[%emt 0:12:48]} Ne4 {[%emt 0:18:27]} 14. Rh3 {[%emt 0:00:23]} Bd7 {[%emt 0:05:31]} 15. Nxd7 {[%emt 0:17:50]} Qxd7 {[%emt 0:00:03]} 16. Bxe4 {[%emt 0:00:04]} dxe4 {[%emt 0:08:14]} 17. Nxe4 {[%emt 0:00:09]} cxd4 {[%emt 0:00:25]} 18. Nxd6 {[%emt 0:00:10]} Qxd6 {[%emt 0:00:03]} 19. exd4 {[%emt 0:11:19]} Rae8 {[%emt 0:12:40]} 20. Qh5 {[%emt 0:04:05]} Qd7 {[%emt 0:04:14]} 21. Re1 {[%emt 0:01:50]} h6 {[%emt 0:01:06]} 22. Rg3 {[%emt 0:01:23]} Kh8 {[%emt 0:01:39]} 23. Qg6 {[%emt 0:03:50]} Qf7 {[%emt 0:10:09]} 24. Qxf7 {[%emt 0:10:13]} Rxf7 {[%emt 0:00:01]} 25. d5 {[%emt 0:00:01]} Nd8 {[%emt 0:02:16]} 26. Rge3 {[%emt 0:01:19]} Rd7 {[%emt 0:02:26]} 27. c4 {[%emt 0:01:08]} b5 {[%emt 0:01:39]} 28. dxe6 {[%emt 0:01:42]} Rd4 {[%emt 0:00:29]} 29. Bxd8 {[%emt 0:01:06]} Rexd8 {[%emt 0:00:27]} 30. cxb5 {[%emt 0:00:05]} Rxf4 {[%emt 0:00:19]} 31. e7 {[%emt 0:05:15]} Re8 {[%emt 0:00:01]} 32. Ra3 {[%emt 0:00:06]} Rb4 {[%emt 0:00:10]} 33. Re5 {[%emt 0:00:02]} Rxb2 {[%emt 0:01:07]} 34. Rxa7 {[%emt 0:00:05]} f4 {[%emt 0:01:02]} 35. a4 {[%emt 0:00:30]} Kh7 {[%emt 0:00:17]} 36. a5 {[%emt 0:02:12]} Kg6 {[%emt 0:00:47]} 37. a6 {[%emt 0:00:56]} Kf6 {[%emt 0:00:05]} 38. Rc5 {[%emt 0:00:10]} Rxe7 {[%emt 0:00:21]} 39. Rxe7 {[%emt 0:00:12]} Kxe7 {[%emt 0:00:01]} 40. a7 {[%emt 0:00:07]} 1-0